00373nam a2200145Ia 4500100001600000490000700016942000700023654001400030245002800044260003500072300000700107546001200114999001700126952008400143 aWhener/ H.  v25 cBK agalvanism aGalvanic Secondry Cells bWiley easternaNew Delhic1991 a54 aENGLISH c34336d34336 001040708CRCaCRCEbCRCEd2023-03-17l0o p5025r2023-03-17w2023-03-17yBK